Παιγνίδια γυμναστική αθλητισμός του δημοτικού σχολείου

Αποθηκεύτηκε σε:
Λεπτομέρειες βιβλιογραφικής εγγραφής
Κύριος συγγραφέας: Σακελλαρίου, Τάκης Γ.
Μορφή: Βιβλίο
Γλώσσα:Greek
Δημοσίευση: Αθήναι : [χ.ό.], 1956
Έκδοση:2η έκδ.
Θέματα:
Ετικέτες: Προσθήκη ετικέτας
Δεν υπάρχουν, Καταχωρήστε ετικέτα πρώτοι!

MARC

LEADER 00000cam a2200000 i 4500
001 1/90530
008 080704s1956 gre d
035 |l 10098726 
040 |a GR-MY-UA  |b gre  |e aacr 
041 0 |a gre 
082 0 |a 372.86  |2 (22) 
100 1 |a Σακελλαρίου, Τάκης Γ. 
245 1 0 |a Παιγνίδια γυμναστική αθλητισμός του δημοτικού σχολείου /  |c Τάκη Γ. Σακελλαρίου 
250 |a 2η έκδ. 
260 |a Αθήναι :   |b [χ.ό.],   |c 1956 
300 |a 94 σ.;  |c 22 εκ. 
504 |a Βιβλιογραφία: σ. [91]-92 
650 0 0 |a Physical education for children  |x Study and teaching (Elementary) 
650 0 0 |a Athletics. 
852 |a INST  |b RHODES  |c AKA  |e 20080704  |h  372.86 ΣΑΚ  |p 005400027800  |q 005400027800  |t BK  |y 0 
901 |a BIBL4-2008-2 
909 |a Ρ  |b 150770 
970 |a ΚΟΖΑ  |b ΜΑΡΙΑ  |z 2008/07/04